Länder, die Georgien am nächsten liegen - Statistiken

Allgemein
  • Dieses Quiz wurde 89 mal gespielt
  • Das Durchschnittsergebnis liegt bei 17 aus 20
Antwortstatistiken
km Land % Korrekt
0 Russland
100%
0 Türkei
100%
0 Armenien
99%
0 Aserbaidschan
96%
419 Irak
96%
189 Iran
96%
437 Syrien
96%
479 Turkmenistan
94%
417 Ukraine
92%
774 Usbekistan
92%
428 Kasachstan
89%
1042 Israel
87%
919 Bulgarien
82%
956 Jordanien
81%
844 Rumänien
80%
843 Moldawien
73%
1055 Saudi-Arabien
73%
885 Libanon
72%
887 Zypern
63%
1115 Belarus
59%
Keine übereinstimmenden Quizze gefunden
Verteilung der Resultate
Anzahl Personen mit jedem Resultat
Perzentil nach korrekt beantworteten Fragen
Ihre Resultats-Entwicklung
Sie haben dieses Quiz noch nicht gespielt